El Carreratge de Barcelona : l'associació de municipis a l'Edat Mitjana / Maria Teresa Ferrer i Mallol l'associació de municipis a l'Edat Mitjana / Maria Teresa Ferrer i Mallol

por Ferrer i Mallol, Maria Teresa

Descripción Física: 35 p. ; 21 cm

MARC

LEADER 00000nam a2200000Ia 4500
001 12214
003 BGR
005 20260324175617.0
008 160829s1999 xx 000 0 cat d
080 |a FU-13-58 
100 |a Ferrer i Mallol, Maria Teresa  |9 35102 
245 |a El Carreratge de Barcelona :  |b  l'associació de municipis a l'Edat Mitjana / Maria Teresa Ferrer i Mallol 
260 |a Barcelona :  |b Institut Municipal d'Història :  |b Institut de Cultura de Barcelona,  |c 1999 
300 |a 35 p. ;  |c 21 cm 
590 |a Conferència pronunciada al Saló de Cent, 10 de febrer de 1999, en el marc de la celebració del 750 aniversari dels privilegis atorgats per Jaume I a la ciutat de Barcelona l'any 1249.  
590 |a Acte organitzat per iniciativa de l'Associació Consell de Cent 
650 |a Carreratge (Dret català)   |9 35103 
650 |a Barcelona  |x Història  |x 476/1472, Edat mitjana  |9 35104 
710 2 |a Institut de Cultura (Barcelona, Catalunya)  |9 53422 
710 1 |a Institut Municipal d'Història (Barcelona)   |9 70960 
901 |a Arxiu 
942 |n 1  |2 udc  |c MON 
952 |0 0  |1 0  |4 0  |6 FU1358  |7 1  |9 46764  |a Arxiu  |b Arxiu  |d 2016-12-01  |l 0  |o FU-13-58  |p 12214  |r 2016-12-01 00:00:00  |w 2016-12-01  |y ARXIU 
999 |c 50557  |d 50557